000 00404cam a22001337a 4500
008 180718b1983 xxu||||| |||| 00| 0 eng d
082 _aAPPPA 82-83 BIN
100 _aKumar, Binod
245 _aPrimary education for scheduled tribes
_cby Binod Kumar
260 _aNew Delhi
_bIndian Institute of Public Administration
_c1983
300 _a59p.
650 _aScheduled tribes
650 _aPrimary education
999 _c501268
_d501268